Loading...
| Literature - Poetry | 0 | 3 | 1 | 1 | 25 | 111 | 131.00 | 1 | 3 |
| Philosophy | 0 | 3 | 2 | 0 | 20 | 104 | 121.33 | 1 | 3 |
| Literature - Misc Literature | 0 | 2 | 0 | 0 | 20 | 118 | 124.00 | 0 | 2 |
| Mythology | 1 | 0 | 0 | 0 | 15 | 64 | 64.00 | 0 | 1 |
| Literature - Long Fiction | 1 | 0 | 0 | 0 | 15 | 77 | 77.00 | 1 | 1 |
| History - American History | 0 | 1 | 0 | 1 | 10 | 136 | 136.00 | 0 | 1 |
| Literature - Short Fiction | 0 | 1 | 0 | 0 | 10 | 109 | 109.00 | 1 | 1 |
| Science - Other Science | 0 | 1 | 0 | 0 | 10 | 96 | 96.00 | 1 | 1 |
| Other Academic | 0 | 1 | 0 | 0 | 10 | 123 | 123.00 | 0 | 1 |
| Science - Chemistry | 0 | 1 | 0 | 0 | 10 | 139 | 139.00 | 0 | 1 |
| Social Science | 0 | 1 | 1 | 0 | 5 | 120 | 120.00 | 1 | 1 |
| Fine Arts - Other Fine Arts | 0 | 1 | 1 | 0 | 5 | 140 | 140.00 | 0 | 1 |
| Science - Biology | 0 | 0 | 0 | 0 | 0 | 0.00 | 0 | 0 | |
| Fine Arts - Classical Music | 0 | 0 | 0 | 0 | 0 | 0.00 | 0 | 0 | |
| Current Events | 0 | 0 | 0 | 0 | 0 | 0.00 | 0 | 0 | |
| History - Other History | 0 | 0 | 1 | 0 | -5 | 0.00 | 0 | 0 | |
| History - European History | 0 | 0 | 1 | 0 | -5 | 0.00 | 0 | 0 |